书目信息 |
| 题名: |
社会主义核心价值观成语故事读本
|
|
| 作者: | 王静 主编 ;孙大为 编著 | |
| 分册: | 自由 | |
| 出版信息: | 呼和浩特 内蒙古人民出版社 2019.6 |
|
| 页数: | 202页 | |
| 开本: | 24cm | |
| 丛书名: | ||
| 单 册: | ||
| 中图分类: | D616-49 , H136.31-49 , I247.81 | |
| 科图分类: | ||
| 主题词: | 成语--cheng yu--故事--作品集--中国 | |
| 电子资源: | ||
| ISBN: | 978-7-204-15897-3 | |
| 000 | 00838nam0 2200277 450 | |
| 001 | 2156276239 | |
| 005 | 20211011172911.0 | |
| 010 | @a978-7-204-15897-3@dCNY39.00 | |
| 100 | @a20200603d2019 demy0chiy0120 ea | |
| 101 | 0 | @achi |
| 102 | @aCN@b150000 | |
| 105 | @aa z 000fy | |
| 106 | @ar | |
| 200 | 1 | @a社会主义核心价值观成语故事读本@Ashe hui zhu yi he xin jia zhi guan cheng yu gu shi du ben@i自由@f王静主编@g孙大为编著 |
| 210 | @a呼和浩特@c内蒙古人民出版社@d2019.6 | |
| 215 | @a202页@c图@d24cm | |
| 314 | @a主编:王静 | |
| 517 | 1 | @a自由@Azi you |
| 606 | 0 | @a成语@Acheng yu@x故事@x作品集@y中国 |
| 690 | @aD616-49@v5 | |
| 690 | @aH136.31-49@v5 | |
| 690 | @aI247.81@v5 | |
| 701 | 0 | @a王静@Awang jing@4主编 |
| 702 | 0 | @a孙大为@Asun da wei@4编著 |
| 801 | 0 | @aCN@b百万庄@c20211006 |
| 905 | @b1305490-93@dD616-49@e307@f4 | |
| 社会主义核心价值观成语故事读本.自由/王静主编/孙大为编著.-呼和浩特:内蒙古人民出版社,2019.6 |
| 202页:图;24cm |
| ISBN 978-7-204-15897-3:CNY39.00 |
| ● |
| 相关链接 |
|
|
|
|
正题名:社会主义核心价值观成语故事读本
索取号:D616-49/307
 
预约/预借
| 序号 | 登录号 | 条形码 | 馆藏地/架位号 | 状态 | 备注 |
| 1 | 1305490 | 213054905 | 第一样本阅览室/ [索取号:D616-49/307] | 在馆 | |
| 2 | 1305491 | 213054914 | 第一借阅区/ [索取号:D616-49/307] | 在馆 | |
| 3 | 1305492 | 213054923 | 第一借阅区/ [索取号:D616-49/307] | 在馆 | |
| 4 | 1305493 | 213054932 | 第一借阅区/ [索取号:D616-49/307] | 在馆 |